MDQL
is popping MORE tags! Check the
thread
!
Quizzes
Events
Quiz Creation
Community
Videos
Private Events
Remove Ads
Sign In
Join for FREE
Feedback
Dark Mode
Quiz Categories
Sports
Geography
Music
Movies
Television
Just For Fun
Miscellaneous
History
Literature
Language
Science
Gaming
Entertainment
Religion
Holiday
For Kids
Quiz Lab
Recent
Popular Today
Quiz Kudos Today
Editor Picks
Curator Picks
Quizzes by...
Day
Popularity
Type
Ratings
Length
Year
Community
Subscriptions
Recent Discussions
Orange Saloon
Badges
Playlists
Quests
Create
Leaderboards
Showdown
Live 5
Trivia Bingo
Activity
Puzzle Library
Sporcle Events
Private Events
Virtual Trivia
Globe League
Become a Host
Pub Owners
SporcleCon
Opinionation
Our Games
Videos
Blog
Mobile Apps
Partnerships
Remove Ads and Go Orange
Feedback
Sports
Athletes
MLB
NBA
NHL
NFL
Soccer
Sports Teams
WWE
NCAA
Football
Premier League
Basketball
Baseball
Hockey
Golf
Tennis
Cricket
Rugby
Auto Racing
Olympics
World Cup
Sports
Athletes
MLB
NBA
NHL
NFL
Soccer
Sports Teams
WWE
NCAA
Football
Premier League
Basketball
Baseball
Hockey
Golf
Tennis
Cricket
Rugby
Auto Racing
Olympics
World Cup
Random Quiz
Search Sporcle
×
Quiz Lab
Quiz Lab
Sports
MLB
Type in answers that appear in a list
Type in answers that appear in a list
Classic
Best Score? Go Orange.
MLB Chain Game Stats
Can you name the Can you name the teams played for that connect all the players in the chain??
By
havlorech
3m
16 Questions
847 Plays
847 Plays
847 Plays
Comments
Comments
Give Quiz Kudos
Give Quiz Kudos
-
- Ratings
hide this ad
Forced Order
Answers have to be entered in order
Answers have to be entered in order
Replay
Link that replays current quiz
Next Quiz
Link to next quiz in quiz playlist
You Got
0%
They Got
Avg Score
65%
Avg Friend Score
Upgrade to see
Score Distribution
Jump to the score distribution portion of the page
Score
0/16
Timer
03:00
0
Plays Today
Players
Team
% Correct
David Justice, Travis Fryman, Bartolo Colon
Cleveland Indians
87.5%
Ron Gant, Terry Pendleton, David Justice
Atlanta Braves
85.2%
Woody Williams, Phil Nevin, Reggie Sanders
San Diego Padres
85%
Rick Sutcliffe, Greg Maddux, Mitch Williams
Chicago Cubs
81%
Brett Tomko, John Olerud, Mark McLemore
Seattle Mariners
69.5%
Mitch Williams, Darren Daulton, Terry Mulholland
Philadelphia Phillies
68.4%
Reggie Sanders, David Wells, Ron Gant
Cincinnati Reds
67.2%
Terry Mulholland, Corey Koskie, Shannon Stewart
Minnesota Twins
65.2%
Players
Team
% Correct
Marquis Grissom, Edgardo Alfonzo, Brett Tomko
San Francisco Giants
64.1%
Bartolo Colon, D'Angelo Jimenez, Jose Valentin
Chicago White Sox
62.7%
John Jaha, Matt Stairs, Gil Heredia
Oakland Athletics
59.3%
Shannon Stewart, Jose Canseco, Woody Williams
Toronto Blue Jays
56.7%
Gil Heredia, Ken Hill, Marquis Grissom
Montreal Expos
52.9%
Jose Valentin, Mike Fetters, John Jaha
Milwaukee Brewers
50.9%
Mark McLemore, Wally Joyner, Don Sutton
California Angels
49.2%
Don Sutton, Dusty Baker, Rick Sutcliffe
Los Angeles Dodgers
48.9%
Quiz Playlist
Details
Report
Send in Message
Add To Playlist
Classic:
Type in answers that appear in a list
Forced Order:
Answers have to be entered in order
Quiz Source
Last Updated: Dec 27, 2018
Quiz Scoreboard
CHALLENGE
Sign Up to Join the Scoreboard
Show All
Scores
Hide
Comments
May contain spoilers
Recently Published
5x2 Blitz: Bands
by SL_Kpop136
Music
30s
Colored Red Africa Blitz
by spor1
Geography
30s
Find the 'City' Movie
by crazypaving
Movies
60s
More to Explore
Quiz From the Vault
Featured Blog Post
14 Easter Pick-up Lines to Find Eggs With
hide this ad
You Might Also Like...
Tags
Baseball Quiz
MLB Quiz
connect
Player
season
team
Today's Top Quizzes in Sports
Browse Sports
hide this ad
Today's Top Quizzes in MLB
Browse MLB
Top Contributed Quizzes in Sports
1
Les entraîneurs de l'OM et du PSG au 21e siècle
2
Les meilleurs buteurs des matchs entre le PSG et l’OM
3
Players with Multiple 50 Home Run Seasons
4
2022 World Cup Stars
5
Les joueurs passés par le PSG et l'OM
6
NBA Logic Puzzle 2.0
7
Criteria MLB: Left Handed Sluggers
8
MLB Players with Two .350 Batting Average Seasons
9
Top 10 NHL Goal Scorers of All Time
10
Who Hit More Homers?
Explore More
Trending Topics
Anime
NBA
Disney
Crossword
Harry Potter
Kpop
Marvel
NFL
Puzzle
Country
WWE
The Office
Song
Soccer
Pokémon
hide this ad
More By:
havlorech
Quiz
Plays
Rating
Category
Featured
Created
NBA Old School Jerseys
279,421
3.72
Sports
Dec 24, 2009
1990s NBA All Rookie Teams
4,022
4.41
Sports
Nov 17, 2009
MLB 100 RBI, Less Than 20 HR Seasons
3,214
4.27
Sports
Nov 1, 2009
1996-97 NBA All Stars
3,011
3.71
Sports
Oct 15, 2009
NBA Chain Game
2,839
3.93
Sports
Oct 17, 2009
Go to Creator's Profile
Score Distribution
Quiz Creator Spotlight
havlorech
Follow
Send a Message
Quizzes Created
-
Created Quiz Play Count
-
More By This Creator
Popular Quizzes Today
1
Colored Red Africa Blitz
2
Find the 'City' Movie
3
Find the US States - No Outlines Minefield
4
5x2 Blitz: Bands
5
The Countries of the World
6
Find the US States
7
US States
8
9x9 Crossword: Cartoon Network
More Sports Quizzes
NCAA Tournament MOP by Picture
Published
Trending Quizzes
Colored Red Europe Blitz I
Colored Red Europe Blitz II
Colored Red Africa Blitz II
Colored Red Europe Blitz III
Colored Red Africa Blitz III
Recently Updated
How Do You Spell That?
pecheneg
Godzilla Movies
pecheneg
Grab Bag: 4-10 Letters
pecheneg
2024 March Madness Bracket
pecheneg
Famous TV Couples
Peacemaker
Champions League XIs: Real Madrid
pecheneg
Largest US Cities 1790-2010
pecheneg
Rides in Walt Disney World
pecheneg
Most Oscar Losses (Acting)
pecheneg
Beyoncé Albums
pecheneg
Trending Topics
Kpop
Crossword
Harry Potter
Marvel
Disney
Anime
NBA
Song
Puzzle
Pokémon
Soccer
WWE
NFL
Country
The Office
Your Account Isn't Verified!
In order to create a playlist on Sporcle, you need to verify the email address you used during registration. Go to your
Sporcle Settings
to finish the process.
Report this User
Report this user for behavior that violates our
Community Guidelines
.
Details:
Send Report
Go to the Sporcle.com Mobile Site →
Comments